| 000 | 00619nam a2200181Ia 4500 | ||
|---|---|---|---|
| 003 | STCL | ||
| 008 | 181203s9999 xx 000 0 und d | ||
| 020 | _a9788182654068 | ||
| 040 |
_aSTCL _bEN _cSTCL |
||
| 082 | _222 | ||
| 100 | _aBalamani Amma / Balamaniamma | ||
| 245 | 0 | _aബാലാമണിഅമ്മയുടെ കവിതകൾ: സമ്പൂർണ്ണ സമാഹാരം | |
| 246 | _aBalamaniyammayude Kavithakal: Samburna Samaharam / Balamaniammayude Kavithakal: Sampoorna Samaharam | ||
| 260 |
_bMathrubhumi Books _aKozhikode _c2012 |
||
| 300 | _a760 | ||
| 546 | _aMalayalam | ||
| 942 |
_2ddc _cBK |
||
| 999 |
_c85141 _d85141 |
||